000 01634cam a2200253 4500
001 ##L135770
008 061211n2006 000 0 eng u
020 _a0101698429
_a9780101698429
035 _a(Sirsi) u135770
041 0 _aeng
050 0 4 _a352.4941 $2 18
110 1 _aUnited Kingdom
_bHM Treasury
245 0 0 _aPre-budget report
_binvesting in Britain's potential
_bbuilding our long-term future
260 _aLondon
_bTSO
_c2006
490 0 _aCm
_v6984
505 1 _aOverview -- Maintaining macroeconomic stability -- Meeting the productivity challenge -- Increasing employment opportunity for all -- Building a fairer society -- Delivering high quality public services -- Protecting the environment -- The economy -- The public finances
520 _aDetails government's tax and spending plans, including public investment, and provides updated forecasts for the economy and projections for the public finances. Key measures include: investing in transport infrastructure by taking forward the recommendations of the Eddington Transport Study; investing in the growth of sustainable housing supply; enabling greater flexibility in the land use planning system by taking forward the Barker Review; and taking steps to tackle climate change, improve air quality and protect the UK's countryside and natural resources.
590 _aKA
650 2 4 _aPRE-BUDGET REPORT 2006
651 4 _aUnited Kingdom
_y
690 _aPROPERTY
856 4 0 _uhttps://www.hm-treasury.gov.uk/pre_budget_report/prebud_pbr06/report/prebud_pbr06_repindex.cfm
_zView the report free of charge at www.hm-treasury.gov.uk...
942 _n0
999 _c106202
_d106202